000 00937nam a2200205 i 4500
001 181192
003 ES-MaACL
005 20230906221309.0
008 121030s1914 sp |||| | spa d
100 1 _aLiz y Díaz, María.
_9151772
245 1 0 _aOrganización de las escuelas de párvulos en Suiza e Italia /
_cpor María Liz y Díaz.
260 _a[Madrid :
_bJunta para Ampliación de Estudios e Investigaciones Científicas,
_c1914]
300 _aP. 233-253 ;
_c23 cm.
490 1 _aAnales de la Junta para Ampliación de Estudios e Investigaciones Científicas ;
_vt. 14, memoria 5
650 4 _aEnseñanza preescolar.
_9151770
710 2 _aJunta para la Ampliación de Estudios e Investigaciones Científicas.
_95413
830 0 _aAnales de la Junta para Ampliación de Estudios e Investigaciones Científicas ;
_vt. 14, memoria 5
_9186710
852 _aES-MaACL
_jB-13170(5)
_z.- Ejemplar fotocopiado
999 _c181192
_d181192